| 000 | 00616nam a2200229 a 4500 | ||
|---|---|---|---|
| 005 | 20240806063942.0 | ||
| 008 | 160530s2015 mx r 000 0 spa d | ||
| 020 | _a9786074954166 | ||
| 035 | _aUPN01000210762 | ||
| 049 | _aCG | ||
| 050 | 4 |
_aPQ7297 S2.43 _bA4.5 2015 |
|
| 100 | 1 |
_aSalazar, Abel C., _d1878-1925 _939260 |
|
| 245 | 1 | 0 |
_aAlmas / _cAbel C. Salazar. |
| 250 | _a2a ed. | ||
| 260 |
_aMéxico : _bFOEM, _c2015. |
||
| 300 | _a170 p. | ||
| 440 | 0 |
_aLetras. _pClásicos mexiquenses |
|
| 650 | 4 |
_aCuentos mexicanos _96937 |
|
| 650 | 4 |
_aLiteratura mexicana _94466 |
|
| 905 | _aLibro | ||
| 999 |
_c182863 _d182863 |
||